000
00330nam a2200157Ia 4500
100
_a
Baphana R.M.
490
_v
2
942
_c
BK
654
_a
mathematics I
245
_a
Applied Mathematics-III
260
_b
TECHNICAL PUBLICATIONS
_a
Pune
_c
1995
082
_a
519
_b
PAN
300
_a
716
546
_a
ENGLISH
999
_c
29981
_d
29981